Statistics for Top 20 Burnley Goalscorers in the Premier League

Click here to take the quiz!

General Stats

  • This quiz has been taken 14 times
  • The average score is 9 of 23

Answer Stats

NPlayerNationalityGoals% Correct
1Chris WoodNew Zealander49
100%
2Ashley BarnesEnglish42
82%
4Danny IngsEnglish11
82%
6Jóhann Berg GudmundssonIcelandic9
73%
3Jay RodriguezEnglish13
64%
12James TarkowskiEnglish7
55%
6Maxwell CornetIvorian9
55%
4Sam VokesWelsh11
55%
6Ben MeeEnglish9
45%
18Jack CorkEnglish5
45%
6Jeff HendrickIrish9
45%
10Matej VydraCzech8
45%
20Robbie BradyIrish4
45%
18Scott ArfieldCanadian5
36%
12Ashley WestwoodEnglish7
27%
12Dwight McNeillEnglish7
18%
10Steven FletcherScottish8
18%
17David NugentEnglish6
9%
12George BoydEnglish7
9%
12Graham Alexander7
9%
20Martin PatersonEnglish4
9%
20Wade ElliottEnglish4
9%
20Steven ThompsonEnglish4
0%

Score Distribution

Percentile by Number Answered

Percent of People with Each Score

Your Score History

You have not taken this quiz